000 00570cam a2200205 a 4500
001 2840599
005 20180206035239.0
008 840217s1984 nyua 001 0 eng
010 _a 84003667
020 _a0442222564
040 _aDLC
_cDLC
_dDLC
041 _aeng
080 _a658.4012 DON
082 0 0 _a658.4012 DON
_219
100 1 _a54
101 _aMEN
245 1 0 _aGuidebook to planning :
_cRobert M. Donnelly.
906 _a7
_bcbc
_corignew
_d1
_eocip
_f19
_gy-gencatlg
942 _2ddc
_cBK
999 _c41865
_d41865